Дело о поднесении государю императору сочинения члена Совета народного просвещения Царства Польского Линде "Всеобщее сравнение с...

Доступно только в Электронных читальных залах Найти на картеНа карте
RUSMARC
00003777nmc2a22002533x 450
00181aba529-ab8d-4a71-84f7-dbaaf54294bf
00520250621070402.0
100##$a20241205l18411846k l0rusy0189 ca
1010#$arus
$ager
102##$aRU
105##$ay###
1222#$ad
2001#$aДело о поднесении государю императору сочинения члена Совета народного просвещения Царства Польского Линде "Всеобщее сравнение славянских языков"
$j29 мая - 5(17) января 1846 г.
215##$a59 л.
$d36,5х26 см
251##$cДело
300##$aНа обложке указано: "№36"
300##$aНа русском и немецком языках
371##$aДокумент не является опубликованным и широко распространяемым
461#0$10012b5b8419-5ce4-4d16-a7a3-85720a295f1f
$12001
$aКанцелярия министра народного просвещения
$1251
$cФонд
$1852
$j735
462#0$1001562cc287-b13c-4f02-8029-f81535ba1e2e
$12001
$aКанцелярия министра народного просвещения
$1251
$cОпись
$1852
$j2
801#0$aRU
$bРГИА
$c20241205
$gRCR
801#1$aRU
$bГлавНИВЦ
$c20241205
$2rusmarc
801#2$aRU
$bПБ им. Б.Н. Ельцина
$c20250621
$gRCR
$2rusmarc
850##$aРГИА
852##$aРГИА
$eФедеральное казенное учреждение "Российский государственный исторический архив" (РГИА)
$j238
937##$hРГИА
$d12420915
$aASBIBLIO_SCAN
035##$aRusGRCC00083024
856##$uhttp://readingroom.main.prlib.ru/item.aspx?id_node=n196832742&mode=full
Формат отображения